Catholic University of Zimbabwe Library
Online Public Access Catalogue
(OPAC)

Reforming public administration for development (Record no. 8262)

MARC details
000 -LEADER
fixed length control field 00525 a2200145 4500
020 ## - INTERNATIONAL STANDARD BOOK NUMBER
International Standard Book Number 0931816793
005 - DATE AND TIME OF LATEST TRANSACTION
control field 20191017171955.0
084 ## - OTHER CLASSIFICATION NUMBER
Classification number JQ2945.A5 M88 1989
245 ## - TITLE STATEMENT
Title Reforming public administration for development
Remainder of title : experiences from eastern Africa
Medium print
260 ## - PUBLICATION, DISTRIBUTION, ETC.
Place of publication, distribution, etc. ctu
Name of publisher, distributor, etc. Kumarian Press
Date of publication, distribution, etc. c1989
300 ## - PHYSICAL DESCRIPTION
Extent xv, 183 p.
Other physical details 23 cm.
Dimensions xv, 183 p. ; 23 cm.
490 ## - SERIES STATEMENT
Series statement Kumarian Press library of management for development
500 ## - GENERAL NOTE
General note by Gelase Mutahaba.
650 ## - SUBJECT ADDED ENTRY--TOPICAL TERM
Topical term or geographic name entry element Experiences from eastern Africa
700 ## - ADDED ENTRY--PERSONAL NAME
Personal name Mutahaba, G. R. (Gelase R.)

No items available.

OPENING HOURS

Weekdays: 0815hrs - 1800hrs
Weekends:0900hrs - 1200hrs

Closed for Mass:

Mon, Thur: 1200hrs - 1300hrs
Sunday & Public Holiday’s

CALL SUPPORT

0242-570570, 0242-570169
09200664, +263 8644140602

LOCATION

18443, Cranborne Avenue, Hatfield, Harare

Other Links


©2021 | CUZ Library